[Event "Titled Tuesday intern op 09th Jan Early"]
[Site "Chess.com INT"]
[Date "2024.01.09"]
[Round "3"]
[White "Smirnov, Mark1"]
[Black "Terziev, Dimo"]
[Result "1-0"]
[WhiteElo "2152"]
[BlackElo "2123"]
[PlyCount "107"]
[EventDate "2024.01.09"]
[EventType "swiss (blitz)"]
[EventRounds "11"]
[EventCountry "USA"]
[SourceTitle "CB03_2024"]
[SourceDate "2024.01.17"]
[SourceVersion "1"]
[SourceVersionDate "2024.01.17"]
[SourceQuality "1"]

1. e4 g6 2. d4 Bg7 3. Nc3 d6 4. f4 Nf6 5. Nf3 0-0 6. Bd3 c5 7. dxc5 dxc5 8. e5 Nd5 9. Nxd5 Qxd5 10. Qe2 Nc6 11. Be4 Qd8 12. 0-0 Bd7 13. Be3 b6 14. c3 Qc7 15. Rad1 Rad8 16. Rd2 Bg4 17. Rfd1 Rxd2 18. Rxd2 Bf5 19. Bxf5 gxf5 20. e6 fxe6 21. Qc4 Rf6 22. Qd3 Rf8 23. Ng5 Qc8 24. Qd7 Qxd7 25. Rxd7 e5 26. Rc7 exf4 27. Bxf4 Be5 28. Ne6 Bxc7 29. Bxc7 Rf6 30. Nf4 e5 31. Nd5 Rf7 32. c4 e4 33. Kf2 Nd4 34. Be5 Nc2 35. b3 Nb4 36. Nf4 Kf8 37. Ke2 Ke7 38. Bc3 Kd7 39. g3 Nc6 40. a3 h6 41. b4 cxb4 42. axb4 a5 43. b5 Nb4 44. Ke3 Na2 45. Bd2 Nb4 46. Kd4 Nc2+ 47. Kc3 Nb4 48. Kb3 Nd3 49. Nd5 Nc5+ 50. Kc3 Na4+ 51. Kd4 Nc5 52. Nxb6+ Kc7 53. Kxc5 Rf6 54. Nd5+ 1-0

[Event "Titled Tuesday intern op 09th Jan Early"]
[Site "Chess.com INT"]
[Date "2024.01.09"]
[Round "5"]
[White "Terziev, Dimo"]
[Black "Rees, Ioan"]
[Result "0-1"]
[WhiteElo "2123"]
[BlackElo "2273"]
[PlyCount "82"]
[EventDate "2024.01.09"]
[EventType "swiss (blitz)"]
[EventRounds "11"]
[EventCountry "USA"]
[SourceTitle "CB03_2024"]
[SourceDate "2024.01.17"]
[SourceVersion "1"]
[SourceVersionDate "2024.01.17"]
[SourceQuality "1"]

1. e4 c6 2. d4 d5 3. exd5 cxd5 4. Bd3 Nc6 5. c3 Qc7 6. Ne2 e5 7. dxe5 Nxe5 8. Bf4 Bd6 9. Bg3 Nf6 10. 0-0 0-0 11. Nd4 a6 12. Nf5 Bxf5 13. Bxf5 Ne4 14. Nd2 Nxg3 15. hxg3 Rad8 16. Nf3 g6 17. Bd3 Bc5 18. Re1 Nxd3 19. Qxd3 Qxg3 20. Re2 Rfe8 21. Rae1 Rxe2 22. Rxe2 Qf4 23. Nd4 Bxd4 24. Qxd4 Qxd4 25. cxd4 Kf8 26. Rc2 Ke7 27. Rc7+ Rd7 28. Rc8 Kd6 29. f3 h5 30. Kf2 Rc7 31. Rd8+ Ke7 32. Rxd5 Rc2+ 33. Kg3 Rxb2 34. a4 b5 35. axb5 axb5 36. Rc5 b4 37. Rb5 b3 38. d5 Rb1 39. Kh2 b2 40. Kg3 Kd6 41. Kh2 h4 0-1

[Event "Balkan-ch U16"]
[Site "Tornelo INT"]
[Date "2020.11.01"]
[Round "7"]
[White "Terziev, Dimo"]
[Black "Padurariu, Mihai Edward"]
[Result "0-1"]
[WhiteElo "1729"]
[BlackElo "1951"]
[PlyCount "66"]
[EventDate "2020.10.31"]
[EventType "swiss"]
[EventRounds "7"]
[EventCountry "NET"]
[SourceTitle "EXT 2023"]
[Source "ChessBase"]
[SourceDate "2022.10.05"]
[SourceVersion "1"]
[SourceVersionDate "2022.10.05"]
[SourceQuality "1"]

1. e4 c6 2. d4 d5 3. exd5 cxd5 4. Bd3 Nc6 5. c3 Nf6 6. Bf4 Bg4 7. Qb3 Qd7 8. Nd2 e6 9. Ngf3 Bxf3 10. Nxf3 a6 11. 0-0 Be7 12. Ne5 Nxe5 13. dxe5 Ng4 14. h3 Nh6 15. Qc2 g5 16. Be3 Qc7 17. Qd2 Rg8 18. Bxh7 Rg7 19. Bd3 0-0-0 20. Bd4 Bc5 21. Rac1 Kb8 22. b4 Bxd4 23. cxd4 Qb6 24. Rc5 Rh8 25. a4 g4 26. a5 Qd8 27. Rfc1 gxh3 28. g3 Qh4 29. Kh2 Rxg3 30. fxg3 Ng4+ 31. Kh1 Qxg3 32. Rf1 Ne3 33. Rg1 Qg2+ 0-1

[Event "Balkan-ch U16"]
[Site "Tornelo INT"]
[Date "2020.10.31"]
[Round "2"]
[White "Terziev, Dimo"]
[Black "Krallis, Christos"]
[Result "0-1"]
[WhiteElo "1729"]
[BlackElo "2174"]
[PlyCount "148"]
[EventDate "2020.10.31"]
[EventType "swiss"]
[EventRounds "7"]
[EventCountry "NET"]
[SourceTitle "EXT 2023"]
[Source "ChessBase"]
[SourceDate "2022.10.05"]
[SourceVersion "1"]
[SourceVersionDate "2022.10.05"]
[SourceQuality "1"]

1. e4 e5 2. Nf3 Nc6 3. Bc4 Nf6 4. d3 Bc5 5. 0-0 a6 6. Bb3 Ba7 7. Nbd2 d6 8. c3 h6 9. Re1 Nh5 10. Nf1 Qf6 11. Be3 Bg4 12. Bxa7 Bxf3 13. Qxf3 Qxf3 14. gxf3 Rxa7 15. Ng3 Nf4 16. Rad1 h5 17. Ne2 Ng6 18. Kf1 Nh4 19. Ng1 Rh6 20. d4 Rg6 21. Re3 Ng2 22. Re2 Nf4 23. Red2 h4 24. Bd5 f6 25. Ne2 Nh3 26. Be6 Ng5 27. Bf5 Rh6 28. Ng1 Ne7 29. Bg4 Ng6 30. Nh3 Nxh3 31. Bxh3 Nf4 32. Bg4 Ke7 33. c4 Ra8 34. c5 Rd8 35. cxd6+ Rxd6 36. d5 g6 37. Bc8 Rb6 38. Rc2 Kd6 39. Bg4 Rh7 40. b3 Rf7 41. Be6 Nxe6 42. dxe6+ Kxe6 43. Rd8 Rd6 44. Re8+ Kd7 45. Rb8 b5 46. Ke2 Re7 47. Ra8 Ree6 48. Rh8 Rc6 49. Rd2+ Red6 50. Rxh4 Rc3 51. f4 Ke6 52. Rg4 exf4 53. Rxf4 Rxd2+ 54. Kxd2 Rh3 55. Rg4 Rxh2 56. Ke2 g5 57. Rg1 Rh4 58. Ke3 Rh3+ 59. Kd2 Rf3 60. Ke2 Rc3 61. Kd2 b4 62. e5 Kxe5 63. Re1+ Kf5 64. Re8 Rc5 65. Rb8 Rb5 66. Rc8 Ra5 67. Rxc7 Rxa2+ 68. Ke3 Rb2 69. Rc5+ Kg6 70. Rc6 Rxb3+ 71. Ke4 a5 72. Ra6 Ra3 73. f4 gxf4 74. Kxf4 b3 0-1

[Event "Titled Tuesday intern op 01st Sept"]
[Site "Chess.com INT"]
[Date "2020.09.01"]
[Round "1"]
[White "Terziev, Dimo"]
[Black "Leenhouts, Koen"]
[Result "0-1"]
[WhiteElo "2137"]
[BlackElo "2414"]
[PlyCount "66"]
[EventDate "2020.09.01"]
[EventType "swiss (blitz)"]
[EventRounds "10"]
[EventCountry "USA"]
[SourceTitle "CBM 198 Extra"]
[Source "ChessBase"]
[SourceDate "2020.11.30"]
[SourceVersion "1"]
[SourceVersionDate "2020.11.30"]
[SourceQuality "1"]

1. e4 c5 2. Nf3 e6 3. d3 Nc6 4. g3 Nf6 5. Bg2 d6 6. 0-0 Be7 7. Qe2 0-0 8. c3 Bd7 9. d4 cxd4 10. cxd4 d5 11. e5 Ne4 12. Be3 Rc8 13. Nfd2 Nxd2 14. Qxd2 Na5 15. Nc3 Nc4 16. Qe2 Qb6 17. Rab1 Rc7 18. Rfc1 Rfc8 19. Bf1 h6 20. Qe1 Be8 21. Bxc4 Rxc4 22. Qe2 Bb4 23. a3 Bxc3 24. bxc3 Qa6 25. Qe1 b6 26. Bd2 Qxa3 27. Ra1 Qe7 28. Rab1 Qc7 29. f4 Bd7 30. Ra1 a5 31. Qf2 a4 32. Qe3 b5 33. Ra3 b4 0-1

[Event "Paracin Summer op"]
[Site "Paracin"]
[Date "2020.07.09"]
[Round "8"]
[White "Zlatkov, Anton"]
[Black "Terziev, Dimo"]
[Result "1/2-1/2"]
[WhiteElo "1948"]
[BlackElo "2167"]
[PlyCount "84"]
[EventDate "2020.07.03"]
[EventType "swiss"]
[EventRounds "9"]
[EventCountry "SRB"]
[SourceTitle "CBM 197 Extra"]
[Source "ChessBase"]
[SourceDate "2020.09.30"]
[SourceVersion "1"]
[SourceVersionDate "2020.09.30"]
[SourceQuality "1"]

1. e4 g6 2. d4 Bg7 3. Nf3 d6 4. h3 Nf6 5. Nc3 c6 6. a4 0-0 7. Be3 Qc7 8. Be2 Nbd7 9. 0-0 e5 10. dxe5 dxe5 11. Qd2 Re8 12. Rfd1 Bf8 13. Bc4 Nc5 14. Ng5 Ne6 15. Nxe6 Bxe6 16. Bxe6 Rxe6 17. Qe2 Rd6 18. Rxd6 Bxd6 19. Rd1 Nh5 20. g3 b6 21. Kg2 Ng7 22. Qd3 Be7 23. Qd7 Rc8 24. a5 bxa5 25. Bxa7 Ne6 26. Qxc7 Rxc7 27. Bb6 Rb7 28. Na4 f5 29. exf5 gxf5 30. b3 Bb4 31. g4 Nf4+ 32. Kg3 Nd5 33. Bc5 f4+ 34. Kf3 Rd7 35. Bxb4 e4+ 36. Ke2 axb4 37. Ke1 e3 38. c4 bxc3 39. Nxc3 Rb7 40. Nxd5 cxd5 41. fxe3 fxe3 42. Rxd5 Rxb3 1/2-1/2

[Event "Titled Tuesday intern op 19th May"]
[Site "Chess.com INT"]
[Date "2020.05.19"]
[Round "1"]
[White "Grinev, Valeriy"]
[Black "Terziev, Dimo"]
[Result "1-0"]
[WhiteElo "2441"]
[BlackElo "2167"]
[PlyCount "159"]
[EventDate "2020.05.19"]
[EventType "swiss (blitz)"]
[EventRounds "10"]
[EventCountry "USA"]
[SourceTitle "EXT 2021"]
[Source "ChessBase"]
[SourceDate "2020.10.23"]
[SourceVersion "1"]
[SourceVersionDate "2020.10.23"]
[SourceQuality "1"]

1. c4 Nf6 2. Nc3 g6 3. g3 Bg7 4. Bg2 0-0 5. d3 d6 6. Bg5 Nc6 7. Qc1 e5 8. h4 h5 9. Nf3 Re8 10. Nd2 Ne7 11. 0-0 c6 12. Nde4 Nxe4 13. dxe4 Be6 14. b3 f5 15. Rd1 Qc7 16. Qa3 Nc8 17. Rac1 Rf8 18. e3 Qf7 19. Rd2 b6 20. Qa4 Bd7 21. exf5 gxf5 22. Bxc6 Bxc6 23. Qxc6 Rb8 24. Qd5 Qxd5 25. Nxd5 Rb7 26. Rcd1 Rff7 27. Nc3 Bf8 28. a4 a6 29. Kg2 Kg7 30. Nd5 Kg6 31. f3 Bh6 32. Bxh6 Kxh6 33. Nc3 Kg6 34. e4 f4 35. gxf4 Rxf4 36. Rg1 Kf7 37. Ne2 Rf6 38. Kf2 Ke8 39. Ke3 Rbf7 40. Rg8+ Ke7 41. Ng1 Kd7 42. Rdg2 Ne7 43. R8g7 Nc6 44. Rxf7+ Rxf7 45. Ne2 a5 46. Rg5 Nb4 47. Rxh5 Nc2+ 48. Kd2 Nb4 49. Rf5 Rh7 50. h5 Nc6 51. Ke3 Ne7 52. Rg5 Kc6 53. f4 Kc5 54. fxe5 dxe5 55. Rxe5+ Kc6 56. Nd4+ Kd7 57. Re6 Rxh5 58. Rxb6 Rh3+ 59. Kf2 Nc8 60. Rb5 Nd6 61. Rd5 Ke7 62. Nf5+ Nxf5 63. exf5 Rxb3 64. Rxa5 Rb4 65. Ke3 Rxc4 66. Kd3 Rb4 67. Kc3 Rb1 68. Rb5 Ra1 69. Kb4 Kf6 70. Ka5 Rc1 71. Rd5 Ra1 72. Kb5 Ra2 73. a5 Rb2+ 74. Ka6 Rb3 75. Ka7 Rb2 76. a6 Rb3 77. Ka8 Rb2 78. a7 Rb3 79. Rd7 Kxf5 80. Rb7 1-0

[Event "Titled Tuesday intern op 19th May"]
[Site "Chess.com INT"]
[Date "2020.05.19"]
[Round "2"]
[White "Kavyev, Ruslan"]
[Black "Terziev, Dimo"]
[Result "1-0"]
[WhiteElo "2327"]
[BlackElo "2167"]
[PlyCount "84"]
[EventDate "2020.05.19"]
[EventType "swiss (blitz)"]
[EventRounds "10"]
[EventCountry "USA"]
[SourceTitle "EXT 2021"]
[Source "ChessBase"]
[SourceDate "2020.10.23"]
[SourceVersion "1"]
[SourceVersionDate "2020.10.23"]
[SourceQuality "1"]

1. d4 d5 2. c4 dxc4 3. Nf3 Nf6 4. e3 e6 5. Bxc4 a6 6. 0-0 b5 7. Be2 Bb7 8. a4 b4 9. Nbd2 Nbd7 10. Nc4 c5 11. b3 Be7 12. Bb2 0-0 13. Rc1 Bd5 14. Qd2 Ne4 15. Qc2 cxd4 16. Nxd4 Bf6 17. Rfd1 Qe7 18. f3 Nec5 19. e4 Bb7 20. Qb1 Rac8 21. Kh1 Rfd8 22. Qa2 Ba8 23. Ba1 Bb7 24. Bf1 Ba8 25. Rb1 Bb7 26. Qd2 Ne5 27. Qxb4 Nxc4 28. Bxc4 Be5 29. Nc6 Bxc6 30. Bxe5 Bb7 31. Bd4 Re8 32. Bf2 Qc7 33. Bxc5 Qxc5 34. Qxb7 Red8 35. h3 g6 36. Qxa6 Qf2 37. Rd7 Qh4 38. Rbd1 Rb8 39. Qd6 Rxd7 40. Qxb8+ Kg7 41. Rxd7 Qe1+ 42. Kh2 Qe3 1-0

[Event "Titled Tuesday intern op 19th May"]
[Site "Chess.com INT"]
[Date "2020.05.19"]
[Round "7"]
[White "Terziev, Dimo"]
[Black "Mikhnenko, Alexander"]
[Result "1-0"]
[WhiteElo "2167"]
[BlackElo "2110"]
[PlyCount "97"]
[EventDate "2020.05.19"]
[EventType "swiss (blitz)"]
[EventRounds "10"]
[EventCountry "USA"]
[SourceTitle "EXT 2021"]
[Source "ChessBase"]
[SourceDate "2020.10.23"]
[SourceVersion "1"]
[SourceVersionDate "2020.10.23"]
[SourceQuality "1"]

1. e4 c6 2. Nf3 d5 3. d3 Nd7 4. Nc3 b5 5. exd5 b4 6. Ne2 cxd5 7. g3 e6 8. Bg2 Ngf6 9. 0-0 Bd6 10. Ned4 a6 11. Re1 0-0 12. Bg5 Qc7 13. Rc1 Bb7 14. c3 bxc3 15. Rxc3 Qb6 16. Rb3 Qa7 17. Be3 Bc5 18. Nc2 Bc6 19. Bxc5 Qxc5 20. Rc3 Qb6 21. Ncd4 Bb7 22. Qd2 Rfc8 23. Rec1 Rxc3 24. Rxc3 Rc8 25. Rxc8+ Bxc8 26. Qc3 Bb7 27. a3 h6 28. b4 Nb8 29. Nb3 Nc6 30. Ne5 Nxe5 31. Qxe5 Qxf2+ 32. Kxf2 Ng4+ 33. Ke2 Nxe5 34. Nc5 Bc8 35. Bf1 Nc6 36. Ke3 d4+ 37. Kd2 Kf8 38. Bg2 Na7 39. a4 Ke7 40. Kc2 f5 41. Kb3 Kd6 42. Kc4 e5 43. b5 axb5+ 44. axb5 Bd7 45. Nxd7 Kxd7 46. b6 Nc6 47. b7 Nb8 48. Kd5 e4 49. Kxd4 1-0

[Event "Titled Tuesday intern op 12th May"]
[Site "Chess.com INT"]
[Date "2020.05.12"]
[Round "1"]
[White "Tsyhanchuk, Stanislav"]
[Black "Terziev, Dimo"]
[Result "0-1"]
[WhiteElo "2322"]
[BlackElo "2167"]
[PlyCount "80"]
[EventDate "2020.05.12"]
[EventType "swiss (blitz)"]
[EventRounds "10"]
[EventCountry "USA"]
[SourceTitle "EXT 2021"]
[Source "ChessBase"]
[SourceDate "2020.10.23"]
[SourceVersion "1"]
[SourceVersionDate "2020.10.23"]
[SourceQuality "1"]

1. d4 d5 2. c4 dxc4 3. e4 Nf6 4. e5 Nd5 5. Bxc4 Nb6 6. Bb3 Nc6 7. Be3 Bf5 8. Nf3 e6 9. Nc3 Be7 10. 0-0 Nb4 11. Qd2 N4d5 12. Nxd5 Nxd5 13. Rac1 c6 14. a3 0-0 15. Rfd1 Bg4 16. Qe2 Bh5 17. Bc2 Rc8 18. Bb1 Bg6 19. Bxg6 hxg6 20. Nd2 Qd7 21. Ne4 b6 22. Rd3 Rfd8 23. Bd2 c5 24. dxc5 bxc5 25. Rh3 Rb8 26. Qg4 Rxb2 27. Bg5 Rdb8 28. Qh4 f5 29. exf6 Nxf6 30. Bf4 Nxe4 31. Qh8+ Kf7 32. Bxb8 Qd2 33. Rf3+ Bf6 34. Rf1 Qc2 35. Be5 Rb1 36. Rxf6+ Nxf6 37. g3 Rxf1+ 38. Kxf1 Qb1+ 39. Kg2 Qe4+ 40. Kh3 Qxe5 0-1

[Event "Titled Tuesday intern op 12th May"]
[Site "Chess.com INT"]
[Date "2020.05.12"]
[Round "2"]
[White "Yuan, Qingyu"]
[Black "Terziev, Dimo"]
[Result "1-0"]
[WhiteElo "2373"]
[BlackElo "2167"]
[PlyCount "137"]
[EventDate "2020.05.12"]
[EventType "swiss (blitz)"]
[EventRounds "10"]
[EventCountry "USA"]
[SourceTitle "EXT 2021"]
[Source "ChessBase"]
[SourceDate "2020.10.23"]
[SourceVersion "1"]
[SourceVersionDate "2020.10.23"]
[SourceQuality "1"]

1. d4 d5 2. c4 dxc4 3. e4 Nf6 4. e5 Nd5 5. Bxc4 Nb6 6. Bd3 Nc6 7. Be3 Nb4 8. Be4 f5 9. a3 N4d5 10. Bxd5 Nxd5 11. Ne2 e6 12. 0-0 Be7 13. Nbc3 c6 14. Nxd5 cxd5 15. Rc1 0-0 16. Qb3 b6 17. Qa4 Bd7 18. Qa6 Qe8 19. Qd3 Bb5 20. Qd2 Bxe2 21. Qxe2 f4 22. Bd2 f3 23. gxf3 Qh5 24. Rc3 Rf5 25. Kh1 Raf8 26. Rg1 Rxf3 27. Rxf3 Qxf3+ 28. Qxf3 Rxf3 29. Be3 Rf8 30. Rc1 Bd8 31. Rc6 Kf7 32. Kg2 Ke8 33. Rxe6+ Kd7 34. Rd6+ Kc7 35. Rxd5 Be7 36. Rb5 a6 37. Rb3 Rd8 38. Rc3+ Kb7 39. Kf3 g6 40. Ke4 b5 41. d5 b4 42. axb4 Bxb4 43. Rb3 a5 44. Bc5 Ka6 45. Bxb4 axb4 46. Rxb4 Rf8 47. f4 h6 48. e6 g5 49. Ke5 gxf4 50. e7 Re8 51. d6 f3 52. Rf4 Kb7 53. Rxf3 Kc6 54. Ke6 Rb8 55. Rf8 Rxb2 56. e8Q+ Kc5 57. Rf5+ Kd4 58. Qc6 Re2+ 59. Kf6 Re6+ 60. Kxe6 h5 61. Qd5+ Kc3 62. Rf3+ Kb2 63. Qb3+ Kc1 64. Rf1+ Kd2 65. Rf2+ Ke1 66. Qe3+ Kd1 67. Qe2+ Kc1 68. Qd2+ Kb1 69. Qb2# 1-0

[Event "Titled Tuesday intern op 5th May"]
[Site "Chess.com INT"]
[Date "2020.05.05"]
[Round "2"]
[White "Nasuta, Grzegorz"]
[Black "Terziev, Dimo"]
[Result "1-0"]
[WhiteElo "2558"]
[BlackElo "2167"]
[PlyCount "78"]
[EventDate "2020.05.05"]
[EventType "swiss (blitz)"]
[EventRounds "10"]
[EventCountry "USA"]
[SourceTitle "EXT 2021"]
[Source "ChessBase"]
[SourceDate "2020.10.23"]
[SourceVersion "1"]
[SourceVersionDate "2020.10.23"]
[SourceQuality "1"]

1. e4 e6 2. d4 d5 3. Nc3 Bb4 4. exd5 exd5 5. Bd3 Ne7 6. Qh5 h6 7. Nf3 Nbc6 8. 0-0 Be6 9. a3 Bxc3 10. bxc3 Qd7 11. Ng5 0-0-0 12. Nxe6 fxe6 13. Bf4 g5 14. Bg3 Nf5 15. Rae1 Rdf8 16. Qg6 Nd8 17. Re2 Rhg8 18. Qh5 Nxg3 19. hxg3 Rf6 20. f4 gxf4 21. Rxf4 Rxf4 22. gxf4 Qg7 23. Qe5 Qxe5 24. Rxe5 c6 25. Rh5 Rf8 26. Rxh6 Rxf4 27. g3 Rf3 28. Kg2 Re3 29. Kf2 Rxd3 30. cxd3 b5 31. g4 Kd7 32. Rh7+ Ke8 33. Rxa7 Nf7 34. Kg3 e5 35. dxe5 Nxe5 36. d4 Nc4 37. g5 Kf8 38. Kf4 Nb2 39. Kf5 Nd1 1-0